000 00763nam a22001937a 4500
003 BD-DhUL
005 20160918120328.0
008 160918s1994 b a|||| |||| 000 0 b d
040 _cBD-DhUL
_dBD-DhUL
082 _a954.92
_bBAB
100 1 _aবড়ুয়া, সুব্রত
245 _aবাংলাদেশের ইতিহাস :
_bপ্রাচীন থেকে পলাশী /
_cসুব্রত বড়ুয়া
260 _aঢাকা :
_bবাংলা একাডেমী,
_c১৯৯৪ ।
300 _a ৪৮ পৃ. :
_bচিত্র ;
_c২১ সেমি. ।
365 _aBDT
_b15.00
650 _aবাংলাদেশ
_xইতিহাস
650 _aBangladesh
_xHistory
942 _2ddc
_cBK
999 _c104892
_d104892